Study of Psycho-Social factors affecting reading skills in english (Record no. 21379)
[ view plain ]
| 000 -LEADER | |
|---|---|
| fixed length control field | 00547nam a2200181Ia 4500 |
| 082 ## - DEWEY DECIMAL CLASSIFICATION NUMBER | |
| Classification number | TS.0858 |
| 100 ## - MAIN ENTRY--AUTHOR NAME | |
| Personal name | Sharma, Kusum |
| 245 #0 - TITLE STATEMENT | |
| Title | Study of Psycho-Social factors affecting reading skills in english |
| 260 ## - PUBLICATION, DISTRIBUTION, ETC. (IMPRINT) | |
| Year of publication | University of Delhi |
| 300 ## - PHYSICAL DESCRIPTION | |
| Number of Pages | 252 |
| 504 ## - BIBLIOGRAPHY, ETC. NOTE | |
| Bibliography, etc | includes bibliography and appendices |
| 650 ## - SUBJECT ADDED ENTRY--TOPICAL TERM | |
| Topical Term | Reading |
| Form subdivision | Ability - testing |
| 650 ## - SUBJECT ADDED ENTRY--TOPICAL TERM | |
| Topical Term | Reading, Psychology of |
| 650 ## - SUBJECT ADDED ENTRY--TOPICAL TERM | |
| Topical Term | Reading skills competency tests |
| 650 ## - SUBJECT ADDED ENTRY--TOPICAL TERM | |
| Topical Term | English language |
| Form subdivision | Study and teaching |
| 710 ## - ADDED ENTRY--CORPORATE NAME | |
| Corporate name or jurisdiction name as entry element | Sabharwal, Virender K |
| 942 ## - ADDED ENTRY ELEMENTS (KOHA) | |
| Koha item type | Thesis |
| Source of classification or shelving scheme | Dewey Decimal Classification |
| Withdrawn status | Lost status | Damaged status | Not for loan | Home library | Current library | Date acquired | Bill Date | Full call number | Accession Number | Price effective from | Koha item type |
|---|---|---|---|---|---|---|---|---|---|---|---|
| NASSDOC Library | NASSDOC Library | 08/10/2004 | 2008-12-30 | TS.0858 | 36094 | 18/04/2019 | Thesis |
